| 000 | 00820nam a22002177a 4500 | ||
|---|---|---|---|
| 005 | 20240530110350.0 | ||
| 008 | 141221s2010 ua o g 000 f ara d | ||
| 017 |
_a23732/2009 _bمصر . دار الكتب المصرية |
||
| 020 | _a9789772936370 | ||
| 040 | _aEG-CaGPL | ||
| 041 | 0 | _aara | |
| 082 | 0 | 4 |
_221 _a813.081\ _bإ د |
| 100 | 0 | _aايهاب فاروق حسنى | |
| 245 | 1 | 0 |
_aدماء فى قصر الحمراء : _bقصة اهم وثيقة فى تاريخ العرب فى اسبانيا / _cتاليف ايهاب فاروق حسنى |
| 250 | _aط 1 | ||
| 260 |
_aالقاهرة : _bمكتبة الدار العربية للكتاب ، _c2010 |
||
| 300 |
_a96 ص ؛ _c19 سم |
||
| 650 | 0 | 4 | _aالقصص العربية القصيرة |
| 942 |
_2ddc _cBK |
||
| 999 |
_c60057 _d60057 |
||